Die 200 beliebtesten ♂ ♀ Vornamen in den USA - Statistiken

Allgemein
  • Dieses Quiz wurde 206 mal gespielt
  • Das Durchschnittsergebnis liegt bei 32 aus 202
Antwortstatistiken
♀ / ♂ Name % Korrekt
Jungen - - > | Mädchen - - > ⤵️
99%
J4 John
66%
A4 Anna
58%
L3 Leo
55%
E3 Eli
52%
E4 Emma
52%
M3 Mia
50%
O6 Olivia
50%
J5 James
48%
J4 Jack
47%
S5 Sarah
47%
M7 Michael
46%
E5 Emily
45%
H6 Hannah
41%
T6 Thomas
40%
L4 Liam
39%
C9 Charlotte
38%
L4 Luca
38%
M5 Maria
38%
A9 Alexander
37%
S6 Sophie
37%
D6 Daniel
36%
D5 David
36%
N4 Noah
36%
S6 Sophia
36%
W7 William
36%
E4 Ella
34%
O6 Oliver
34%
Z3 Zoe
34%
C9 Christian
32%
E6 Emilia
32%
I8 Isabella
31%
A3 Ava
30%
G7 Gabriel
30%
L5 Lucas
29%
J6 Julian
28%
V8 Victoria
28%
C7 Charles
27%
J4 Jose
27%
L4 Luke
27%
M7 Matthew
27%
T4 Theo
27%
H5 Henry
26%
A4 Aria
24%
C5 Chloe
24%
S6 Samuel
24%
C11 Christopher
22%
H6 Hailey
22%
J6 Joseph
22%
L4 Lily
22%
L4 Luna
22%
N4 Nora
22%
R6 Robert
22%
A5 Aaron
21%
A6 Amelia
21%
J8 Jonathan
21%
A5 Alice
20%
J7 Jackson
20%
L4 Lucy
20%
M4 Mila
20%
A6 Adrian
18%
A5 Angel
18%
C5 Clara
18%
E5 Elena
18%
E5 Elias
18%
E9 Elizabeth
18%
E5 Ellie
18%
E5 Ethan
18%
I3 Ian
18%
J5 Jacob
18%
S9 Sebastian
18%
A7 Allison
17%
A6 Andrew
17%
R4 Ruby
17%
S5 Sofia
17%
G5 Grace
16%
I3 Ivy
16%
P8 Penelope
16%
J6 Jordan
15%
L4 Leah
15%
M4 Maya
15%
N6 Nathan
15%
R4 Ryan
15%
V6 Vivian
15%
C8 Caroline
14%
C6 Claire
14%
Z4 Zoey
14%
A7 Anthony
13%
G9 Gabriella
13%
H5 Harper
13%
V6 Violet
13%
A7 Abigail
12%
A6 Ariana
12%
E6 Evelyn
12%
H5 Hazel
12%
J4 Jade
12%
L4 Luka
12%
A6 Aurora
11%
D5 Dylan
11%
E6 Elijah
11%
I4 Isla
11%
J9 Josephine
11%
J6 Joshua
11%
N5 Naomi
11%
O4 Owen
11%
R5 Riley
11%
S6 Stella
11%
V9 Valentina
11%
A6 Audrey
10%
A5 Avery
10%
K3 Kai
10%
L4 Levi
10%
S8 Scarlett
10%
T8 Theodore
10%
W6 Willow
10%
E6 Eloise
9%
E4 Ezra
9%
L5 Layla
9%
C7 Cameron
8%
C4 Cora
8%
E4 Eden
8%
L7 Lillian
8%
L5 Logan
8%
M5 Mason
8%
N7 Natalie
8%
Q5 Quinn
8%
E6 Eliana
7%
I5 Isaac
7%
M7 Madison
7%
A7 Aaliyah
6%
E7 Eleanor
6%
J6 Jayden
6%
L6 Landon
6%
L8 Leonardo
6%
L5 Lydia
6%
P6 Parker
6%
W5 Wyatt
6%
A7 Addison
5%
A4 Amir
5%
C6 Camila
5%
I4 Iris
5%
J8 Jeremiah
5%
M5 Miles
5%
A5 Aiden
4%
C5 Caleb
4%
I6 Isaiah
4%
L7 Liliana
4%
L7 Lincoln
4%
N5 Nolan
4%
B8 Brooklyn
3%
C5 Chuck
3%
D7 Delilah
3%
G6 Gianna
3%
G7 Grayson
3%
K7 Kennedy
3%
M8 Madeline
3%
M7 Madelyn
3%
M5 Mateo
3%
R5 Roman
3%
S8 Savannah
3%
S5 Silas
3%
A7 Adeline
2%
A6 Autumn
2%
B4 Beau
2%
C6 Carter
2%
C6 Colton
2%
C6 Cooper
2%
E6 Everly
2%
H6 Hudson
2%
N4 Nova
2%
S5 Sadie
2%
A5 Asher
1%
A4 Axel
1%
B7 Bennett
1%
B6 Brooks
1%
E5 Emery
1%
E4 Enzo
1%
E7 Everett
1%
E7 Ezekiel
1%
G7 Genesis
1%
J5 Jaxon
1%
J6 Josiah
1%
L6 Lainey
1%
M5 Maeve
1%
M8 Maverick
1%
M5 Micah
1%
N7 Natalia
1%
P7 Paisley
1%
R5 Rowan
1%
S8 Santiago
1%
W6 Walker
1%
A6 Athena
0%
E6 Easton
0%
G4 Gael
0%
K7 Kinsley
0%
L7 Leilani
0%
L4 Lyla
0%
T6 Thiago
0%
W6 Waylon
0%
W6 Wesley
0%
W6 Weston
0%
Keine übereinstimmenden Quizze gefunden
Verteilung der Resultate
Anzahl Personen mit jedem Resultat
Perzentil nach korrekt beantworteten Fragen
Ihre Resultats-Entwicklung
Sie haben dieses Quiz noch nicht gespielt